Export quality management : an answer book for small and medium-sized exporters.
| Format: | Book |
|---|---|
| Published: |
Shah Alam, Malaysia:
SIRIM,
2004.
|
| Series: | Trade Secrets Series
|
| Subjects: |
| LEADER | 00480cam a2200157 7i4500 | ||
|---|---|---|---|
| 001 | 0000014205 | ||
| 005 | 20040719090000.0 | ||
| 020 | 0 | 0 | |a 96792406732003 |
| 090 | 0 | 0 | |a B 658.562 |b EXP |
| 245 | 0 | 0 | |a Export quality management : |b an answer book for small and medium-sized exporters. |
| 260 | 0 | 0 | |a Shah Alam, Malaysia: |b SIRIM, |c 2004. |
| 300 | # | # | |a 272 p. |
| 440 | 0 | 0 | |a Trade Secrets Series |
| 650 | 0 | 0 | |a Quality control |
| 650 | 0 | 0 | |a Export |
| 999 | |a 0000015973 |b Book |c Book |e Business Information Centre | ||